Équipes ayant participé à la Coupe du monde masculine de cricket - Statistiques

Statistiques générales
  • Ce quiz a été pris 117 fois
  • Le résultat moyen est 11 sur 18
Statistiques - réponses
# Record Équipe % Correct
13 Vainqueur Inde
99%
13 Vainqueur Australie
92%
13 Vainqueur Pakistan
91%
13 Finaliste Nouvelle-Zélande
86%
13 Vainqueur Angleterre
84%
7 Quarts de finale Bangladesh
71%
4 Premier tour Canada
70%
9 Demi-finales Afrique du Sud
68%
13 Vainqueur Sri Lanka
68%
3 Quarts de finale Irlande
66%
3 Premier tour Écosse
58%
5 Premier tour Pays-Bas
57%
3 Premier tour Afghanistan
49%
5 Demi-finales Kenya
43%
9 Quarts de finale Zimbabwe
39%
1 Premier tour Namibie
34%
2 Premier tour Émirats arabes unis
16%
1 Premier tour Bermudes
4%
Aucun quiz correspondant
Distribution des résultats
% des personnes avec chaque résultat
Percentile par nombre de réponses
Votre historique - résultats
Vous n’avez pas pris ce quiz